Вып. 16; Минувшее; В русской Праге (1922-1927); Воспоминания о Театре Народной Комедии; Ненаписанные воспоминания; Из истории русской литературы 1910-х годов: к биографии Леонида Каннегисера; "Неоценимый подарок"; "Был такой писатель Агеев..."; Киностатист как зеркало русской революции; Из переписки 1930 годов Э. Ф. Голлербаха и И. И. Лазаревского; Дневник 1917-1921

Λεπτομέρειες βιβλιογραφικής εγγραφής
Parent link:Минувшее: исторический альманах. Вып. 16.— , 1990-1998.— 5-01-003529-4
Γλώσσα:Ρωσικά
Έκδοση: 1994
TOC:Б. Н. Лосский, В русской Праге (1922-1927);
С. Э. Радлов, Воспоминания о Театре Народной Комедии;
В. Нечаев, Ненаписанные воспоминания;
Г. А. Морев, Из истории русской литературы 1910-х годов: к биографии Леонида Каннегисера;
сост. К. Бернз, Р. Дэвис, "Неоценимый подарок";
сост. Г. Г. Суперфин, М. Ю. Сорокина, "Был такой писатель Агеев...";
Р. Янгиров, Киностатист как зеркало русской революции;
сост. О. С. Острая, Л. И. Юниверг, Из переписки 1930 годов Э. Ф. Голлербаха и И. И. Лазаревского;
А. М. Ремизов, Дневник 1917-1921;
Θέματα:
Μορφή: Βιβλίο
KOHA link:https://koha.lib.tpu.ru/cgi-bin/koha/opac-detail.pl?biblionumber=15978

MARC

LEADER 00000nam2a2200000 4500
001 15978
005 20241126063147.0
010 |a 5850420010 
035 |a (RuTPU)RU\TPU\book\16096 
035 |a BOOK00000784 
090 |a 15978 
100 |a 20011209d1994 km y0rusy50 ca 
101 0 |a rus 
102 |a RU 
105 |a c z 001zd 
200 0 |a Вып. 16 
210 |d 1994 
215 |a 585 с.  |c ил. 
320 |a Библиогр. в примеч. 
320 |a Указ. имен: с. 553-577. 
320 |a Аннотир. указ.: с. 578-560. 
461 1 |0 (RuTPU)RU\TPU\book\34859  |y 5-01-003529-4  |y 5-85042-001-0  |t Минувшее  |o исторический альманах  |v Вып. 16  |d 1990-1998 
464 |t В русской Праге (1922-1927)  |f Б. Н. Лосский 
464 |t Воспоминания о Театре Народной Комедии  |f С. Э. Радлов 
464 |t Ненаписанные воспоминания  |o беседы с И. М. Гронским  |f В. Нечаев 
464 |t Из истории русской литературы 1910-х годов: к биографии Леонида Каннегисера  |f Г. А. Морев 
464 |t "Неоценимый подарок"  |o переписка Пастернаков и Ломоносовых (1925-1970)  |o продолжение  |f сост. К. Бернз, Р. Дэвис 
464 |t "Был такой писатель Агеев..."  |o версия судьбы, или о пользе наивного биографизма  |f сост. Г. Г. Суперфин, М. Ю. Сорокина 
464 |t Киностатист как зеркало русской революции  |f Р. Янгиров 
464 |t Из переписки 1930 годов Э. Ф. Голлербаха и И. И. Лазаревского  |o фрагменты  |f сост. О. С. Острая, Л. И. Юниверг 
464 |t Дневник 1917-1921  |f А. М. Ремизов 
600 1 |a Бердяев  |b Н. А.  |c российский религиозный философ  |f 1874-1948  |g Николай Александрович  |2 stltpush  |3 (RuTPU)RU\TPU\pers\1153  |9 523 
600 1 |a Ремизов  |b А. М.  |f 1877-1957  |g Алексей Михайлович  |c русский писатель  |2 stltpush  |3 (RuTPU)RU\TPU\pers\12182 
600 1 |a Корнилов  |b А. А.  |c русский историк  |c основатель конституционно-демократической партии  |f 1862-1925  |g Александр Александрович  |2 stltpush  |3 (RuTPU)RU\TPU\pers\14824  |9 5001 
606 |a Россия  |x История  |7 ca  |8 rus  |9 81526 
610 1 |a культура 
610 1 |a СССР 
610 1 |a эмигранты русские 
610 1 |a архивы исторические 
610 1 |a 20 век 
610 1 |a альманахи 
610 1 |a персоналии 
686 |a Т3(2)  |2 rubbk 
801 0 |a RU  |b 63413507  |c 20011209  |g PSBO 
801 2 |a RU  |b 63413507  |c 20120830  |g PSBO 
942 |c BK